000
00275nam a2200121Ia 4500
100
_a
Higgins/ L.R./ Morrow/L.C
942
_c
RB
654
_a
handbook
245
_a
Maintenance Engg. handbook
260
_b
McGraw Hill
_a
New York
_c
1977
082
_a
658.2
546
_a
ENGLISH
999
_c
25085
_d
25085